Ocenka vklada prjamych inostrannych investicij v ekonomičeskoje razvitije Sverdlovskoj oblasti i Rosii
Prínos priamych zahraničných investícií pre hospodársky rast Sverdlovskej oblasti, ako aj Ruskej federácie.
Salvato in:
| Autore principale: | |
|---|---|
| Altri autori: | , |
| Natura: | Capitolo di libro |
| Lingua: | russo |
| Soggetti: | |
| Tags: |
Nessun Tag, puoi essere il primo ad aggiungerne!!
|
MARC
| LEADER | 00000naa a2200000 4500 | ||
|---|---|---|---|
| 001 | 0224287 | ||
| 005 | 20240502083558.1 | ||
| 041 | 0 | |a rus | |
| 044 | |a RU | ||
| 245 | 1 | 0 | |a Ocenka vklada prjamych inostrannych investicij v ekonomičeskoje razvitije Sverdlovskoj oblasti i Rosii |c L. M. Kapustina, L. Lipková, O. D. Faľčenko |
| 520 | |a Prínos priamych zahraničných investícií pre hospodársky rast Sverdlovskej oblasti, ako aj Ruskej federácie. | ||
| 610 | 2 | 0 | |a investície priame zahraničné |
| 610 | 2 | 0 | |a rast hospodársky |
| 610 | 2 | 0 | |a rozvoj hospodársky |
| 610 | 2 | 0 | |a regióny |
| 610 | 2 | 0 | |a projekty |
| 610 | 2 | 0 | |a firmy |
| 610 | 2 | 0 | |a Rusko |
| 100 | 1 | |a Kapustina, L. M. | |
| 700 | 1 | |a Lipková, Ľudmila | |
| 700 | 1 | |a Faľčenko, O. D. | |